书目信息 |
| 题名: |
国际贸易实务
|
|
| 作者: | 仲鑫 主编 | |
| 分册: | ||
| 出版信息: | 北京 机械工业出版社 2005.12 |
|
| 页数: | 357页 | |
| 开本: | 24cm | |
| 丛书名: | ||
| 单 册: | ||
| 中图分类: | F740.4 | |
| 科图分类: | ||
| 主题词: | 国际贸易--guo ji mao yi--贸易实务--高等教育--教材 | |
| 电子资源: | ||
| ISBN: | 7-111-15977-2 | |
| 000 | 00919nam0 2200253 450 | |
| 001 | 012007910124 | |
| 005 | 20070928161059.67 | |
| 010 | @a7-111-15977-2@dCNY28.00 | |
| 100 | @a20070725d2005 km y0chiy0120 ea | |
| 101 | 0 | @achi |
| 102 | @aCN@b110000 | |
| 105 | @ay a 000yy | |
| 200 | 1 | @a国际贸易实务@Aguo ji mao yi shi wu@e交易程序·磋商内容·案例分析@f仲鑫主编@Fzhong xin zhu bian |
| 210 | @a北京@c机械工业出版社@d2005.12 | |
| 215 | @a357页@d24cm | |
| 300 | @a普通高等教育国际经济与贸易专业规划教材 | |
| 320 | @a有书目。 | |
| 330 | @a本书共9章,主要论述了进出口交易前的准备工作,国际货物买卖合同中的标的条款、价格条款、装运条款等内容。 | |
| 517 | 1 | @a交易程序·磋商内容·案例分析@Ajiao yi cheng xu·cuo shang nei rong·an li fen xi |
| 606 | 0 | @a国际贸易@Aguo ji mao yi@x贸易实务@x高等教育@j教材 |
| 690 | @aF740.4@v4 | |
| 701 | 0 | @a仲鑫@Azhong xin@4主编 |
| 801 | 0 | @aCN@c20070928 |
| 905 | @dF740.4@eZ740 | |
| 国际贸易实务:交易程序·磋商内容·案例分析/仲鑫主编.-北京:机械工业出版社,2005.12 |
| 357页;24cm |
| 普通高等教育国际经济与贸易专业规划教材 |
| ISBN 7-111-15977-2:CNY28.00 |
| 本书共9章,主要论述了进出口交易前的准备工作,国际货物买卖合同中的标的条款、价格条款、装运条款等内容。 |
| ● |
| 相关链接 |
|
|
|
正题名:国际贸易实务
索取号:F740.4/Z740
 
预约/预借
| 序号 | 登录号 | 条形码 | 馆藏地/架位号 | 状态 | 备注 |
| 1 | 247949 | 202479497 | 社科二线422/409社科库 48排3列3层/ [索取号:F740.4/Z740] | 在馆 | |
| 2 | 247950 | 202479503 | 社科库409/409社科库 48排3列3层/ [索取号:F740.4/Z740] | 在馆 | |
| 3 | 247951 | 202479512 | 社科库409/409社科库 48排3列3层/ [索取号:F740.4/Z740] | 在馆 |